00866nam a22002537a 45000010005000000030006000050050017000110080041000280200018000690400029000870500015001160820010001311000022001412450044001632500030002072600043002373000049002804900033003295050008003625200174003705210020005445210020005646500028005849552FISKH20260123094728.0260123b cb ||||| |||| 00| 0 eng d a9780618935406 aFISKHbengcFISKHdFISKH aQL758 .K46 a591.5 aKenah , Katharine aPredator attack ! /cBy Katharine Kenah aHoughton Mufflin Edition  aBoston : bHoughton Mufflin , c2005 . a32 pages : bcolor illustrations ;c23 cm .  aExtreme Readers v (Level 3) aO  aExplains what a predator is, and features photographs and information about how various predators catch their prey. Includes additional facts about each featured animal.8 a620 bLexile 8 aO bRaz-Plus  aSchool agevNon-fiction